Blasphemy - Bring Me the Horizon - Statistics

General Stats
  • This quiz has been taken 11 times
  • The average score is 220 of 270
Answer Stats
% Correct
and
100%
And
100%
(And
100%
be
100%
blasphemy
100%
but
100%
But
100%
don't
100%
Don't
100%
get
100%
go
100%
it
100%
It
100%
It's
100%
it's
100%
make
100%
me
100%
more
100%
no
100%
No,
100%
now
100%
now)
100%
preach
100%
sense
100%
sense,
100%
so
100%
the
100%
The
100%
to
100%
words
100%
You
100%
you
100%
your
100%
Your
100%
You're
100%
you're
100%
(You're
100%
already
88%
believe
88%
cheek
88%
got
88%
hell
88%
pay
88%
sold
88%
soul
88%
still
88%
tell
88%
that
88%
try
88%
Turn
88%
turn
88%
Ask
75%
back
75%
blind
75%
eye
75%
late
75%
Let
75%
lies
75%
not
75%
questions
75%
too
75%
you'll
75%
at
63%
Cause
63%
faith
63%
getting
63%
hear
63%
night
63%
pray
63%
say?
63%
We
63%
we
63%
worse
63%
would
63%
blessed,
50%
blood
50%
cursed
50%
cursed)
50%
makes
50%
mother
50%
must
50%
sweat
50%
What
50%
all
38%
for
38%
know
38%
Never
38%
right
38%
swore
38%
voice
38%
when
38%
away
25%
Bend
25%
give
25%
knee
25%
life
25%
nothing?
25%
sign
25%
Was
25%
Bite
13%
close
13%
has
13%
immured
13%
light
13%
mind
13%
sacrificed
13%
seen
13%
tongue
13%
we've
13%
found
0%
No matching quizzes found
Score Distribution
Percent of People with Each Score
Percentile by Number Answered
Your Score History
You have not taken this quiz